Behavioral Neurobiology of Huntington's Disease and Parkinson's Disease

Gespeichert in:
Bibliographische Detailangaben
Format: Buch
Sprache:Slowakisch
Veröffentlicht: : Springer, 2015
Schlagworte:
ISBN:9783662463444
Online-Zugang: Volltext
Tags: Tag hinzufügen
Keine Tags, Fügen Sie den ersten Tag hinzu!

MARC

LEADER 00000nam a2200000 4500
003 SK-BrCVT
005 20220618110610.0
006 m####e######000#0#
007 ta
008 160830s###############e######000#0#slo#d
020 |a 9783662463444 
035 |a CVTIDW03030 
040 |a CVTISR  |b slo  |e AACR2 
080 |a 577.2 
245 1 |a Behavioral Neurobiology of Huntington's Disease and Parkinson's Disease  |c Editors: Hoa Huu Phuc Nguyen, M. Angela Cenci  |h [elektronický zdroj] 
260 |a  :  |b Springer,  |c 2015 
653 1 |a cell biology  |a human genetics  |a neuroscience 
856 4 |u http://ezproxy.cvtisr.sk/login.php?url=http://ezproxy.cvtisr.sk:2271/book/10.1007/978-3-662-46344-4 
910 |b ZE00972 
919 |a 978-3-662-46344-4 
974 |a gabriela.miklankova  |f Elektronické zdroje 
999 |c 261866  |d 261866